| 000 | 01962nam a2200349 a 4500 | ||
|---|---|---|---|
| 001 | 000116300 | ||
| 003 | CHAP | ||
| 005 | 20220329144609.0 | ||
| 008 | 191022s2008 mx |s| ||||||spa d | ||
| 010 | _a112761 | ||
| 011 | _a113733 | ||
| 040 | _cCHAP | ||
| 090 | _aCD-500 | ||
| 245 | 0 | 0 |
_aPresentación de la ley general de derechos lingüísticos de los pueblos indígenas : _h[Disco compacto] _bsegunda serie. |
| 246 | 0 | 0 | _aLey general de derechos lingüísticos de los pueblos indígenas |
| 260 |
_aMéxico, D.F. : _bINALI _bSEP., _c2008. |
||
| 300 |
_a31 v. 1 CD ROM ; _c4 3/4 plg. |
||
| 500 | _aEsta serie comprende del v. 25 al v.55 | ||
| 500 | _aLa biblioteca tiene v. 25 variante lingüística : mexicano tlajtol : náhuatl de la Sierra, noreste de Puebla. -- v. 26 variante lingüística : mela'tajtol / náhuatl : náhuatl del Ismo. -- v. 27 variante lingüística : mexcatl / náhuatl : náhuatl de la Huasteca veracruzana. -- v. 30 variante lingüística : mexicano : mexicano de la Huasteca Hidalguense. -- v. 31 variante lingüística : ñuju : otomí de la Sierra. -- v. 33 variante lingüística : hñähñú : otomí del valle del Mezquital. -- v. 34 variante lingüística jñatrjo : mazahua de oriente. -- v. 50 variante lingüística : maaya táan : maya. -- v. 52 variante lingüística : totonaco central del sur. -- v. 55 variante lingüística : ayuk : mixe bajo. | ||
| 590 |
_aE11695DGD _b10 _c20191024 _lUCH01 _h1247 |
||
| 590 |
_aE11695DGD _b10 _c20191024 _lUCH01 _h1247 |
||
| 590 |
_aE5765TAJ _b05 _c20191022 _lUCH01 _h1349 |
||
| 590 |
_aE5765TAJ _b05 _c20191022 _lUCH01 _h1351 |
||
| 590 |
_aE5765TAJ _b05 _c20191022 _lUCH01 _h1412 |
||
| 590 |
_aE5765TAJ _b05 _c20191023 _lUCH01 _h1248 |
||
| 650 | 1 | 4 |
_aIndios de México _xCondición jurídica, leyes, etc. _9131075 |
| 650 | 1 | 4 |
_aIndios de México _xLenguas. _957631 |
| 710 | 2 |
_aInstituto Nacional de Lenguas Indígenas. México. _959382 |
|
| 901 | _aBK | ||
| 942 | _cCD | ||
| 942 | _n0 | ||
| 999 |
_c112761 _d112761 |
||